00447nam a2200157Ia 450000500170000000800410001702000230005804000140008104100060009508200150010110000180011624500170013426000460015130000440019749000480024120240415153938.0230331s9999 xx 000 0 und d a9781770085404qhbk ardac3228 2A aJ 175 RAAT aRaatma, Lucia 0aSportmanskap aGallo Manor;bAwarenes Publishing,c2013. a24 PagesbColour illustrationsc20.5 cm aLeierskap en karakterwaardesx9781770085305